| 000 -LEADER |
| fixed length control field |
00818nam a22002057a 4500 |
| 001 - CONTROL NUMBER |
| control field |
4210 |
| 003 - CONTROL NUMBER IDENTIFIER |
| control field |
BD-DhUAP |
| 005 - DATE AND TIME OF LATEST TRANSACTION |
| control field |
20210109124557.0 |
| 008 - FIXED-LENGTH DATA ELEMENTS--GENERAL INFORMATION |
| fixed length control field |
210109s1998 ii a|||| |||| 001 0 ben d |
| 040 ## - CATALOGING SOURCE |
| Original cataloging agency |
BD-DhUAP |
| Language of cataloging |
Ben |
| Transcribing agency |
BD-DhUAP |
| Modifying agency |
BD-DhUAP |
| 082 ## - DEWEY DECIMAL CLASSIFICATION NUMBER |
| Edition number |
23 |
| Classification number |
954 BAN |
| 245 ## - TITLE STATEMENT |
| Title |
বাংলা দেশের ইতিহাস / |
| Statement of responsibility, etc. |
সম্পাদনায় রমেশচন্দ্র মজুমদার। |
| 260 ## - PUBLICATION, DISTRIBUTION, ETC. |
| Place of publication, distribution, etc. |
কলকাতা : |
| Name of publisher, distributor, etc. |
জেনারেল, |
| Date of publication, distribution, etc. |
c১৯৯৮। |
| 300 ## - PHYSICAL DESCRIPTION |
| Extent |
খণ্ড : |
| Other physical details |
চিত্র ; |
| Dimensions |
২২ সেমি.। |
| 500 ## - GENERAL NOTE |
| General note |
নিঘন্ট সম্বলিত। |
| 505 ## - FORMATTED CONTENTS NOTE |
| Formatted contents note |
খণ্ড ২ মধ্যযুগ-- |
| 651 ## - SUBJECT ADDED ENTRY--GEOGRAPHIC NAME |
| Geographic name |
Bengal (India) |
| Form subdivision |
History. |
| 700 ## - ADDED ENTRY--PERSONAL NAME |
| Personal name |
মজুমদার, রমেশচন্দ্র। |
| 942 ## - ADDED ENTRY ELEMENTS (KOHA) |
| Source of classification or shelving scheme |
|
| Koha item type |
Book |